00695 2200265 4500001002100000005001700021008004100038020001800079035002400097082001200121090001900133100001600152245006200168250001100230260003500241300003000276500002900306650001300335700001800348850001500366980001500381985000600396986001200402999001500414YOGYA-0209000000399820090227020656.0 ind  a979-489-209-2 0010-020900000003998 a639.542 a639.542bSoi P aSOIM, Ahmad aPembesaran kepitingcAhmad Soim ; ilustrasi, Yoni Pribadi aCet. 1 aJakartabPenebar Swadayac1994 aviii, 62 hlmbilusc20 cm aBibliografi : hlm. 59-62 aKepiting aPribadi, Yoni aYOPDYOG(B) a04-20-2006 a1 aMrrtrev a95P0064362